000 00372nam a2200145Ia 4500
008 230917s9999||||xx |||||||||||||| ||und||
040 _e186723
_aMAIN
041 _aEnglish
082 _a363.7003 E19E
100 _aNriagu, Jerome O, ed.
245 0 _aEncyclopedia of environmental health. 5V.
260 _aAmsterdam
_bElsevier
_c2011
300 _av. p.
942 _cBK
999 _c152053
_d152053